| 000 | 00404nam a22001937a 4500 | ||
|---|---|---|---|
| 003 | UA-OsUOA | ||
| 001 | 4488 | ||
| 007 | ta | ||
| 008 | 20050721b un ||||| |||| 00| 0 ukr d | ||
| 100 | _aFeix | ||
| 700 | _aI. | ||
| 700 | _aSchlant | ||
| 700 | _aE. | ||
| 942 | _cBK | ||
| 040 |
_aUA-OsUOA _cUA-OsUOA _dUA-OsUOA |
||
| 245 |
_aGesprache, Diskussionen, Aufsatze. _bGerman |
||
| 955 | _a2 | ||
| 650 | 7 | _2UDC | |
| 999 |
_c290650 _d290650 |
||